01063nam a2200289Ia 4500001001200000003000800012006001900020007001500039008004100054010001700095020001500112040002100127035002000148050002600168100002000194245008000214260003900294300002300333500002000356533015200376650002500528650003100553655002900584710001700613856012600630999001700756ebr10054319CaPaEBRm u cr cn|||||||||030319s2003 maua s 001 0 eng d z 2003104132 z1929685793 aCaPaEBRcCaPaEBR a(OCoLC)7077348614aML74.4.L6bG46 2003eb1 aGemmell, Keith.10aCreative projects with logic audioh[electronic resource] /cKeith Gemmell. aBoston :bMuska and Lipman,c2003. avi, 218 p. :bill. aIncludes index. aElectronic reproduction.bPalo Alto, Calif. :cebrary,d2009.nAvailable via World Wide Web.nAccess may be limited to ebrary affiliated libraries. 0aSoftware sequencers. 0aComputer sound processing. 7aElectronic books.2local2 aebrary, Inc.40uhttp://site.ebrary.com/lib/rucke/Doc?id=10054319zAn electronic book accessible through the World Wide Web; click to view c65310d65310